000
00341nam a2200121Ia 4500
008
151001s9999||||xx |||||||||||||| ||und||
100
_a
विलास साळोखे
245
_a
शंभर गुन्हे माफ
250
_a
1
260
_b
गुरु ओम प्रकाश
300
_a
49
365
_b
18
999
_c
963339
_d
963336